000
00336nam a2200145Ia 4500
008
210210b1929 xxu||||| |||| 00| 0 eng d
041
_a
eng
082
_a
821/936
100
_a
PINERO (A W)
245
_a
Amazons
260
_a
London
_b
William Heinemann Ltd.
_c
1929
650
_a
Amazons
690
_a
English Drama
906
_a
012102
999
_c
130853
_d
130853